A kék cipők

Elmentve itt :
Bibliográfiai részletek
Szerző: Ádám Éva
Dokumentumtípus: Cikk
Megjelent: 1913
Sorozat:Kultura [!Kultúra] : irodalmi, művészeti, kritikai képes havi folyóirat 5 No. 1
Kulcsszavak:Szépirodalom
Online Access:http://misc.bibl.u-szeged.hu/1639
LEADER 00579nab a2200169 i 4500
001 misc1639
005 20191106143604.0
008 170607s1913 hu o 0|| hun d
040 |a SZTE Miscellanea Repozitórium  |b hun 
041 |a hun 
100 1 |a Ádám Éva 
245 1 2 |a A kék cipők  |h [elektronikus dokumentum] /  |c  Ádám Éva 
260 |c 1913 
300 |a 38-40 
490 0 |a Kultura [!Kultúra] : irodalmi, művészeti, kritikai képes havi folyóirat  |v 5 No. 1 
695 |a Szépirodalom 
856 4 0 |u http://misc.bibl.u-szeged.hu/1639/1/kultura_005_001_038-040.pdf  |z Dokumentum-elérés